| 000 | 01024nam a22002537a 4500 | ||
|---|---|---|---|
| 005 | 20170124103018.0 | ||
| 010 | _aA-968744 | ||
| 020 | _c125.00 | ||
| 035 | _aA-968744 | ||
| 037 | _bCen Lib/Ret | ||
| 040 |
_aDPL _bHN |
||
| 082 |
_aक _bसिंहश |
||
| 100 |
_aसिंह, शरद _959615 |
||
| 245 |
_aबाबा फरीद अब नहीं आते / _cशरद सिंह |
||
| 246 |
_aBaba farid ab nahin aatey / _bby Sharad Singh |
||
| 260 |
_aनयी दिल्ली _bसामायिक प्रकाशन _c1999 |
||
| 270 |
_a3543, जाटवाडा, नेताजी सुभाष मार्ग, दरिया गंज _bनयी दिल्ली _e110002 |
||
| 300 |
_a144पृ. _c21सेमी (सजिल्द) |
||
| 650 |
_aहिन्दी साहित्य _959616 |
||
| 650 |
_aकहानियां _959617 |
||
| 650 |
_aHindi literature _959618 |
||
| 650 |
_aStories _97500 |
||
| 942 |
_2ddc _cHN _hक _mसिंहश |
||
| 999 |
_c115042 _d115042 |
||